MARC details
| 000 -LEADER |
| fixed length control field |
02068nam a2200325 a 4500 |
| 001 - CONTROL NUMBER |
| EWU control number |
6714 |
| 003 - CONTROL NUMBER IDENTIFIER |
| control field |
BD-DhEWU |
| 005 - DATE AND TIME OF LATEST TRANSACTION |
| control field |
20230430181025.0 |
| 008 - FIXED-LENGTH DATA ELEMENTS--GENERAL INFORMATION |
| fixed length control field |
230430s2021 ii g b 000 0 eng d |
| 020 ## - INTERNATIONAL STANDARD BOOK NUMBER |
| International Standard Book Number |
9789387698758 |
| 040 ## - CATALOGING SOURCE |
| Original cataloging agency |
BD-DhEWU |
| Language of cataloging |
eng |
| Transcribing agency |
BD-DhEWU |
| 041 ## - LANGUAGE CODE |
| Language code of text/sound track or separate title |
eng |
| 082 ## - DEWEY DECIMAL CLASSIFICATION NUMBER |
| Classification number |
025.00285 |
| Author mark and Year |
BAL 2021 |
| 100 1# - MAIN ENTRY--PERSONAL NAME |
| Personal name |
Balasubramanian, P. |
| 9 (RLIN) |
5836 |
| 245 10 - TITLE STATEMENT |
| Title |
Library automation and digitization / |
| Statement of responsibility, etc |
P. Balasubramanian and Sherin Yohannan. |
| 260 ## - PUBLICATION, DISTRIBUTION, ETC. (IMPRINT) |
| Place of publication, distribution, etc |
New Delhi : |
| Name of publisher, distributor, etc |
Ess Ess Publications, |
| Date of publication, distribution, etc |
2021. |
| 300 ## - PHYSICAL DESCRIPTION |
| Extent |
195 p. ; |
| Dimensions |
22 cm. |
| 504 ## - BIBLIOGRAPHY, ETC. NOTE |
| Bibliography, etc |
Includes bibliographical references |
| 505 ## - FORMATTED CONTENTS NOTE |
| Title |
Table of contents |
| Contents note |
Part 1. Library automation and digitization. 1. Library automation packages, 2. Acquisitions and cataloguing, 3. Serials control, 4. Library services<br/>Part 2. Media resources. 5. Media resources for libraries and their preservation, 6. Equipments and their maintenance<br/>Part 3. Digitization of media resources. 7. Digitization concept and need, 8. Methods and equipment |
| 520 ## - SUMMARY, ETC. |
| Summary, etc |
"Library Automation and Digitization brings to the forefront, the increasing recognition of the value of knowledge and information to individuals, organizations, and communities, providing an analysis of the concepts of library automation and digitization that prevails among the library and information science (LIS) community. Thus, the book explores knowledge management from the perspective of LIS professionals. Furthermore, unlike most books on the topic, which address it almost exclusively in the context of a firm or an organisation to help gain a competitive advantage, this book looks at library automation and digitization in the context of not for profit organisations such as libraries" -- Back cover |
| 526 ## - STUDY PROGRAM INFORMATION NOTE |
| Requested Dept. (EWU) |
Information Studies |
| Program name |
Information Studies |
| 650 ## - SUBJECT ADDED ENTRY--TOPICAL TERM |
| Topical term or geographic name |
Libraries |
| General subdivision |
Automation. |
|
| Topical term or geographic name |
Knowledge Management. |
|
| Topical term or geographic name |
Library materials |
| General subdivision |
Digitization. |
| 700 1# - ADDED ENTRY--PERSONAL NAME |
| Personal name |
Yohannan, Sherin. |
| 9 (RLIN) |
25620 |
| 856 42 - ELECTRONIC LOCATION AND ACCESS |
| Materials Specified |
WorldCat Details |
| Uniform Resource Identifier |
https://worldcat.org/title/1203950058?oclcNum=1203950058 |
| 942 ## - ADDED ENTRY ELEMENTS (KOHA) |
| Koha item type |
Text |
| Source of classification or shelving scheme |
Dewey Decimal Classification |